000 00586nam a22001697a 4500
999 _c18748
_d18748
008 240124b ||||| |||| 00| 0 eng d
020 _a9781260570861
082 _22021
_aDC 302.234
_bB231
100 _aBaran, Stanley.
_950806
245 _aIntroduction to mass communication :
_bmedia literacy and culture /
_cStanley Baran.
250 _aEleventh edition.
260 _aNew York :
_bMcGrawHill Education,
_c©2021.
300 _axxvi, 398 pages :
_bcolor illustrations ;
_c28 cm.
500 _aIncludes glossary and index.
650 _aMass communication.
_911842
942 _2ddc
_cDC